000 00454nam a2200193Ia 4500
003 OSt
005 20260206102456.0
008 210210b1972 xxu||||| |||| 00| 0 eng d
040 _cAL
041 _aeng
082 _a823.912 MAUO
100 _aMaugham W Somerset
_9253796
245 _aOf human bondage
260 _aMadras
_bMacmillan India Ltd
_c1972
300 _a190p
690 _aEnglish Fiction
_9253797
906 _a039890
942 _2ddc
_cBK
999 _c89791
_d89791